• 首页
  • 本馆介绍
  • 公告通知
  • 最新文献
  • 馆藏检索
  • 电子资源
  • 读者导购
  • 参考咨询
  • 我的图书馆
  • 登录
  • 详细信息显示
  • 放入我的书架
  • 预约/预借图书
  • 作者相关作品
  • 分类相关作品
  • 丛书相关作品
  • 出版社相关作品

书目信息

  • 表格格式
  • 工作单格式
  • 卡片格式
题名:
景观设计原理与实践新探
    
 
作者: 武静 著
分册:  
出版信息: 北京   中国纺织出版社  2019
页数: 245页
开本: 24cm
丛书名:
单 册:
中图分类: TU983 , TU986.2
科图分类:
主题词: 景观设计--jing guan she ji
电子资源:
ISBN: 978-7-5180-2110-9
000 00980cam0 2200277 450
001 012001003021
005 20140126141942.0
010    @a978-7-5180-2110-9@dCNY64.00
099    @aCAL 012019038604
100    @a20190103d2019 em y0chiy50 ea
101 0  @achi
102    @aCN@b110000
105    @aa a 000yy
106    @ar
200 1  @a景观设计原理与实践新探@Ajing guan she ji yuan li yu shi jian xin tan@f武静著
210    @a北京@c中国纺织出版社@d2019
215    @a245页@c图@d24cm
320    @a有书目 (第244-245页)
330    @a本书从景观设计概念等问题切入,以国内外资料为基础,对景观设计的传统和现代景观设计的原理和实践进行研究。科学的、合理的、艺术的景观设计是平衡生态系统、改善环境、创造区域文化特色、提高人民生活质量的重要手段。
333    @a本书适用于景观设计人员
606 0  @a景观设计@Ajing guan she ji
690    @aTU983@v5
690    @aTU986.2@v5
701  0 @a武静@Awu jing@4著
801  0 @aCN@b北京卓展@c20191020
905    @b1210112-5@dTU983@e1533@f4
    
    景观设计原理与实践新探/武静著.-北京:中国纺织出版社,2019
    245页:图;24cm
    使用对象:本书适用于景观设计人员
    
    ISBN 978-7-5180-2110-9:CNY64.00
    本书从景观设计概念等问题切入,以国内外资料为基础,对景观设计的传统和现代景观设计的原理和实践进行研究。科学的、合理的、艺术的景观设计是平衡生态系统、改善环境、创造区域文化特色、提高人民生活质量的重要手段。
●
相关链接 在E读中查询图书 在五车中查询图书 在当当中查询图书 在豆瓣中查询图书


正题名:景观设计原理与实践新探     索取号:TU983/1533         预约/预借

序号 登录号 条形码 馆藏地/架位号 状态 备注
1 1210112   212101125   第二样本阅览室/ [索取号:TU983/1533] 在馆    
2 1210113   212101134   第三借阅区/ [索取号:TU983/1533] 在馆    
3 1210114   212101143   第三借阅区/ [索取号:TU983/1533] 在馆    
4 1210115   212101152   第三借阅区/ [索取号:TU983/1533] 在馆    
唐山师范学院图书馆 欢迎您!
大连网信软件有限公司© 版权所有